[Event "Presidents Cup"]
[Site "Baku AZE"]
[Date "2005.05.05"]
[Round "4.2"]
[White "Mamedyarov,S"]
[Black "Guseynov,R"]
[Result "1/2-1/2"]
[WhiteElo "2646"]
[BlackElo "2249"]

1.d4 d6 2.e4 Nf6 3.Nc3 e5 4.dxe5 dxe5 5.Qxd8+ Kxd8 6.Bc4 Be6 7.Bxe6 fxe6
8.f3 c6 9.Nh3 Bd6 10.Nf2 Ke7 11.b3 Nbd7 12.Bb2 b5 13.a4 a6 14.Ke2 g5 15.Rhd1 Rhg8
16.Rd3 h5 17.h3 b4 18.Ncd1 g4 19.Ne3 Bc5 20.hxg4 Bxe3 21.Rxe3 hxg4 22.fxg4 Nxg4
23.Rg3 Nxf2 24.Rxg8 Rxg8 25.Kxf2 c5 26.Bc1 c4 27.Be3 cxb3 28.cxb3 Rc8 29.Rh1 Nf6
30.Bg5 Rc2+ 31.Ke1 Kd6 32.Kd1 Ra2 33.Rh4 Nd7 34.Rh7 Kc6 35.Be7 Nc5 36.Bxc5 Kxc5
37.Rc7+ Kd4 38.Rc4+ Kd3 39.Kc1 a5 40.g3 Rg2 41.Rc5 Kxe4 42.Rxa5 Rxg3 43.Rb5 Rxb3
44.Kc2 Rc3+ 45.Kb2 Rc8 46.a5 Kf4 47.Rb6 Kf5 48.Rb5 Kf4 49.Rb6 Re8 50.a6 e4
51.Rxb4 Kf3 52.a7 Ra8 53.Rb7 e3 54.Rf7+ Ke2 55.Kc3 Ke1 56.Kd3 e2 57.Rb7 Kf2
58.Rf7+ Ke1 59.Rb7 Rd8+ 60.Ke3 Kf1 61.Rf7+  1/2-1/2

[Event "10th Open"]
[Site "Stuttgart GER"]
[Date "2005.05.05"]
[Round "1"]
[White "Mutschnik,I"]
[Black "Eisenbeiser,K"]
[Result "1-0"]
[WhiteElo "2408"]
[BlackElo "2060"]

1.e4 d6 2.d4 Nf6 3.Nc3 e5 4.Nf3 Nbd7 5.Bc4 Be7 6.O-O O-O 7.Re1 c6 8.a4 Qc7
9.Bg5 Re8 10.Bh4 h6 11.Qb1 exd4 12.Nxd4 Ne5 13.Bb3 a6 14.Qa2 Rf8 15.a5 Ng6
16.Bg3 Nh5 17.Nce2 Ne5 18.Nf4 Nxf4 19.Bxf4 c5 20.Bxe5 dxe5 21.Ne2 Bd7 22.Nc3 Bc6
23.Bd5 Bb5 24.Qb3 Bd8 25.Bc4 Bc6 26.Red1 Rb8 27.Rd3 Kh7 28.Rf3 f6 29.Rg3 Kh8
30.Bd5 Be8 31.Nd1 f5 32.exf5 Rxf5 33.Ne3 Rf4 34.c3 Bh4 35.Rf3 Bh5 36.Rxf4 exf4
37.Nc4 Bf7 38.Nb6 Bxd5 39.Nxd5 Qf7 40.Re1 Re8 41.Rxe8+ Qxe8 42.Qd1 Qe4 43.g3 fxg3
44.hxg3 Bd8 45.Qb3 Qe1+ 46.Kg2 Qe4+ 47.Kf1 Qh1+ 48.Ke2 Qe4+ 49.Ne3 Bxa5 50.Qf7 Qc6
51.Nf5 Qf6 52.Qxf6 gxf6 53.Nxh6 b5 54.Nf5 Kh7 55.Kf3 Kg6 56.Ke4 b4 57.cxb4 cxb4
58.b3 Kg5 59.Ne3 Bd8 60.f4+ Kg6 61.Nd5 a5 62.g4 f5+ 63.gxf5+ Kf7 64.Kd4 Kg7
65.Kc4 Kh6  1-0

[Event "ch-FRA Top 16 Poule Haute"]
[Site "Port Barcares FRA"]
[Date "2005.05.06"]
[Round "10"]
[White "Chabanon,JL"]
[Black "Guth,N"]
[Result "1-0"]
[WhiteElo "2424"]
[BlackElo "2137"]

1.d4 d6 2.e4 Nf6 3.Nc3 Nbd7 4.f4 e5 5.Nf3 exd4 6.Qxd4 c6 7.Be3 Ng4 8.Bg1 Nc5
9.h3 Ne6 10.Qd2 Nf6 11.O-O-O Qa5 12.Nd4 Be7 13.g4 h6 14.Nf5 Qc7 15.Nxe7 Kxe7
16.f5 Nc5 17.e5 Nfe4 18.exd6+  1-0

[Event "ch-FRA Top 16 Poule Basse"]
[Site "Port Barcares FRA"]
[Date "2005.05.06"]
[Round "10"]
[White "Lallemand,R"]
[Black "Franc,N"]
[Result "1-0"]
[WhiteElo "2303"]
[BlackElo "2067"]

1.e4 d6 2.d4 Nf6 3.Nc3 Nbd7 4.f4 e5 5.Nf3 exd4 6.Nxd4 g6 7.Be2 c6 8.O-O Bg7
9.Kh1 Qc7 10.Ndb5 cxb5 11.Nxb5 Qb6 12.Nxd6+ Ke7 13.e5 Ne8 14.Nc4 Qc6 15.b3 Kf8
16.Bf3 Qc7 17.Ne3 Kg8 18.Nd5 Qd8 19.Ba3 Bf8 20.Bb2 Bg7 21.Qe1 Nb6 22.c4 h5
23.Rd1 Nxd5 24.cxd5 Bg4 25.d6 Bxf3 26.Rxf3 Qd7 27.Qe4 Rd8 28.Bd4 b6 29.f5 gxf5
30.Rxf5 Rh7 31.Rdf1 Nxd6 32.exd6 Bxd4 33.Qxd4 Qxd6 34.Qe4 Qg6 35.Qe7 Rd6
36.Rg5  1-0

[Event "ch-FRA Top 16 Poule Haute"]
[Site "Port Barcares FRA"]
[Date "2005.05.06"]
[Round "10"]
[White "Cochet,C"]
[Black "Nicoara,M"]
[Result "0-1"]
[WhiteElo "2086"]
[BlackElo "2242"]

1.e4 d6 2.d4 Nf6 3.Nc3 e5 4.dxe5 dxe5 5.Qxd8+ Kxd8 6.Bg5 Be6 7.O-O-O+ Nd7
8.Nf3 Kc8 9.Bh4 h6 10.a3 a6 11.Nd2 b5 12.Bxf6 Nxf6 13.f3 c6 14.g3 Bc5 15.h3 Nh5
16.Ne2 Be3 17.g4 Nf6 18.Ng3 g6 19.c4 Kc7 20.Kc2 Rhd8 21.Be2 Bf2 22.Ngf1 Rab8
23.b4 c5 24.cxb5 axb5 25.Nb3 Bxb3+ 26.Kxb3 c4+ 27.Kc2 Rxd1 28.Bxd1 Ra8 29.Kb2 Bd4+
30.Ka2 Bc3 31.Ne3 Bxb4 32.Nc2 Bxa3 33.Nxa3 b4 34.Be2 Rxa3+  0-1

[Event "ch-FRA Top 16 Poule Basse"]
[Site "Port Barcares FRA"]
[Date "2005.05.06"]
[Round "10"]
[White "Bijaoui,M"]
[Black "Laval,B"]
[Result "1-0"]
[WhiteElo "2345"]
[BlackElo "2163"]

1.e4 d6 2.d4 Nf6 3.Nc3 Nbd7 4.g4 h6 5.Be3 e5 6.h3 c6 7.Nge2 b5 8.Ng3 a6 9.Bg2 g6
10.O-O Bb7 11.Qd2 exd4 12.Qxd4 c5 13.Qd2 Ne5 14.b3 b4 15.Nd5 Nxd5 16.exd5 Qh4
17.a3 bxa3 18.Rxa3 Bc8 19.Qe1 Be7 20.f4 Nd7 21.Bf2 Qf6 22.Ne4 Qb2 23.Nxd6+ Kf8
24.Nc4  1-0

[Event "ch-FRA National 1"]
[Site "Lille FRA"]
[Date "2005.05.07"]
[Round "10"]
[White "Jessel,S"]
[Black "Carlier,B"]
[Result "0-1"]
[WhiteElo "2256"]
[BlackElo "2409"]

1.e4 d6 2.d4 Nf6 3.Nc3 e5 4.Nf3 Nbd7 5.Bc4 Be7 6.O-O O-O 7.Re1 c6 8.a4 b6
9.d5 cxd5 10.Nxd5 Bb7 11.b3 Rc8 12.Re2 Nc5 13.Nxf6+ Bxf6 14.Bd5 Qd7 15.Ba3 Bxd5
16.Qxd5 Ne6 17.Qxd6 Qb7 18.Qb4 Rfd8 19.g3 Nd4 20.Nxd4 Rxd4 21.Qe1 Qd7 22.Bb2 Rd6
23.Ba3 Rd4 24.Bb2 Rd6 25.Kg2 h5 26.Ba3 Rd4 27.Bb2 Rd6 28.f3 Rd8 29.Qf2 Qc6
30.a5 b5 31.a6 R8d7 32.h4 Qc8 33.Ra5 Bd8 34.Rxb5 Bb6 35.Qe1 Rd1 36.Qc3 Rc7
37.Qxe5 Rg1+ 38.Kh2 Rh1+  0-1

[Event "ch-FRA National 1"]
[Site "Lille FRA"]
[Date "2005.05.08"]
[Round "11"]
[White "Kozakov,M"]
[Black "Jossien,A"]
[Result "1-0"]
[WhiteElo "2482"]
[BlackElo "2317"]

1.e4 d6 2.d4 Nf6 3.Nc3 c6 4.a4 e5 5.Nf3 Nbd7 6.Bc4 Be7 7.O-O O-O 8.Re1 b6
9.Bg5 a6 10.Qe2 Nh5 11.Be3 Bf6 12.dxe5 dxe5 13.Rad1 Qc7 14.Ng5 Nf4 15.Bxf4 exf4
16.Nxf7 Rxf7 17.Bxf7+ Kxf7 18.Qc4+ Kf8 19.Nd5 Qd6 20.Nxf6 Qxf6 21.e5 Nxe5
22.Qe4 Bg4 23.f3 Nxf3+ 24.gxf3 Bh3 25.Kh1 Rc8 26.Qe5 Qh4 27.Rd4 Kg8 28.Rxf4  1-0

[Event "ch-EST"]
[Site "Tallinn EST"]
[Date "2005.05.10"]
[Round "1"]
[White "Kulaots,K"]
[Black "Svirjov,I"]
[Result "1/2-1/2"]
[WhiteElo "2572"]
[BlackElo "2503"]

1.e4 d6 2.d4 Nf6 3.Nc3 c6 4.Nf3 g6 5.Be3 Bg7 6.Qd2 Ng4 7.Bg5 h6 8.Bh4 O-O
9.O-O-O b5 10.h3 Nf6 11.e5 b4 12.exf6 bxc3 13.Qxc3 exf6 14.Bg3 Re8 15.Nd2 f5
16.Nc4 Re6 17.h4 h5 18.Bf4 Ba6 19.Qa5 Qe7 20.Bg5 f6 21.Bd2 d5 22.Bb4 Qb7
23.Nd6 Qb6 24.Qa3 Bf8 25.Bc5 Qc7 26.Bxa6 Nxa6 27.Qxa6 Bxd6 28.Bxd6 Qxd6 29.Kb1 Qe7
30.a3 Rb8 31.Qa5 Re8 32.Qc3 Kg7 33.Ka2 f4 34.Rd3 Qd7 35.g3 Re2 36.Rf3 fxg3
37.Rxg3 R8e6 38.Rhg1 f5 39.Qf3 Qf7 40.Rxg6+ Rxg6 41.Rxg6+ Qxg6 42.Qxe2 Kh6
43.f4 Qf6 44.Qe8 Qxh4 45.Qe6+ Kg7 46.Qd7+ Kg6 47.Qe6+ Qf6 48.Qg8+ Qg7 49.Qe8+ Qf7
50.Qd8 Qf6 51.Qg8+ Qg7  1/2-1/2

[Event "ch-EST"]
[Site "Tallinn EST"]
[Date "2005.05.11"]
[Round "2"]
[White "Kulaots,K"]
[Black "Seeman,T"]
[Result "1/2-1/2"]
[WhiteElo "2572"]
[BlackElo "2401"]

1.e4 d6 2.d4 Nf6 3.Nc3 e5 4.Nf3 Nbd7 5.Bc4 Be7 6.O-O O-O 7.Re1 c6 8.a4 b6
9.d5 cxd5 10.Nxd5 Nxd5 11.Bxd5 Rb8 12.b3 a6 13.Nd2 Nf6 14.Nc4 Nxd5 15.Qxd5 Bb7
16.Qd3 f5 17.exf5 e4 18.Qh3 Bf6 19.Bb2 Bxb2 20.Nxb2 d5 21.Rad1 Qf6 22.c3 Rbc8
23.Rd4 Rc7  1/2-1/2

[Event "Torch Real Estate Cup"]
[Site "Wuxi CHN"]
[Date "2005.05.11"]
[Round "10"]
[White "An Zhixiao"]
[Black "Ding Linlin"]
[Result "1-0"]
[WhiteElo "2141"]
[BlackElo "2251"]

1.e4 d6 2.d4 Nf6 3.Nc3 c6 4.f3 e5 5.Be3 Be7 6.a4 Nbd7 7.Bc4 d5 8.exd5 Nb6
9.Bb3 Nbxd5 10.Nxd5 Nxd5 11.Bxd5 Qxd5 12.dxe5 Qxe5 13.Qd4 Qe6 14.Qe4 Qxe4
15.fxe4 O-O 16.O-O-O a5 17.Nf3 Re8 18.Rhe1 Bf8 19.Bf2 b5 20.axb5 cxb5 21.Rd5 b4
22.b3 a4 23.bxa4 Rxa4 24.Bd4 Be6 25.Rb5 Rc8 26.Kd1 Ra2 27.Be3 Rcxc2 28.Bd2 Bb3  1-0

[Event "Victory Cup"]
[Site "Alushta UKR"]
[Date "2005.05.14"]
[Round "3"]
[White "Tukhaev,A"]
[Black "Hasangatin,R"]
[Result "1/2-1/2"]
[WhiteElo "2419"]
[BlackElo "2416"]

1.e4 d6 2.d4 Nf6 3.Nc3 e5 4.Nf3 Nbd7 5.Bc4 Be7 6.O-O O-O 7.Re1 c6 8.a4 b6
9.b3 a6 10.d5 c5 11.Rb1 Nh5 12.b4 Qc7 13.Be3 g6 14.bxc5 Nxc5 15.Nd2 Bd7 16.Rb4 Rfb8
17.Be2 Nf6 18.Qa1 Ng4 19.Bxg4 Bxg4 20.Reb1 Rb7 21.Nc4 Rab8 22.Bxc5 bxc5 23.Rxb7 Rxb7
24.Rxb7 Qxb7 25.Na5 Qb6 26.Nc6 Bg5 27.a5 Qb7 28.f3 Bc8 29.Kf2 Bd2 30.Ke2 Bxc3
31.Qxc3 Bd7 32.Qb3 Bxc6 33.dxc6 Qxc6 34.Kd2 c4 35.Qb6 Qa4 36.Kc3 Kg7 37.Kb2 h5
38.h4 Kh7 39.Kc3 Kg7 40.Kb2 Kh7 41.Kc3 Kg7 42.Qxa6 Qa1+ 43.Kd2 Qd4+ 44.Ke2 Qc3
45.Kd1 Qa1+ 46.Kd2 Qd4+ 47.Ke2 Qc3 48.Kd1 Qd4+ 49.Ke2 Qc3  1/2-1/2

[Event "FSIM May"]
[Site "Budapest HUN"]
[Date "2005.05.15"]
[Round "9"]
[White "Koneru,C"]
[Black "Galyas,M"]
[Result "1/2-1/2"]
[WhiteElo "2305"]
[BlackElo "2444"]

1.d4 d6 2.e4 Nf6 3.Nc3 Nbd7 4.Be3 e5 5.f3 c6 6.Qd2 Be7 7.Nge2 O-O 8.Ng3 d5
9.exd5 cxd5 10.O-O-O exd4 11.Bxd4 Nc5 12.Kb1 Be6  1/2-1/2

[Event "48th TCh-SCG"]
[Site "Herceg Novi SCG"]
[Date "2005.05.15"]
[Round "1"]
[White "Tosic,M"]
[Black "Vlatkovic,S"]
[Result "1-0"]
[WhiteElo "2479"]
[BlackElo "2308"]

1.e4 d6 2.d4 Nf6 3.Nc3 e5 4.Nf3 Nbd7 5.g3 Be7 6.Bg2 O-O 7.O-O c6 8.b3 Re8
9.Bb2 Qc7 10.Re1 b5 11.a3 a6 12.Qd2 Bb7 13.Rad1 Bf8 14.Qc1 g6 15.Qa1 Bg7
16.dxe5 dxe5 17.a4 b4 18.Na2 a5 19.Bf1 Re7 20.Nc1 c5 21.Nd2 Bh6 22.f3 Nb8
23.Nc4 Nc6 24.c3 Nd7 25.Nd6 bxc3 26.Bxc3 Nd4 27.Nb5 Qc6 28.Bxd4 exd4 29.Bg2 Be3+
30.Kh1 Ne5 31.Nd3  1-0

[Event "48th TCh-SCG"]
[Site "Herceg Novi SCG"]
[Date "2005.05.17"]
[Round "3"]
[White "Savicevic,V"]
[Black "Nikolic,Stani"]
[Result "0-1"]
[WhiteElo "2346"]
[BlackElo "2278"]

1.e4 d6 2.d4 Nf6 3.Nc3 Nbd7 4.Nf3 e5 5.a4 Be7 6.g3 O-O 7.Bg2 c6 8.O-O Qc7
9.Re1 Re8 10.h3 a5 11.b3 Nf8 12.Ba3 Ng6 13.Qd2 Be6 14.Ng5 Bd7 15.Rad1 Rad8
16.Bb2 Qc8 17.Kh2 h6 18.Nf3 Nh7 19.Nb1 Qc7 20.Na3 b5 21.Qd3 bxa4 22.bxa4 Be6
23.Nc4 exd4 24.Nxd4 Bxc4 25.Qxc4 Bf6 26.Ba1 Ne5 27.Qf1 Nd7 28.Qa6 Bxd4 29.Bxd4 Ng5
30.Bc3 Ra8 31.Qd3 Nc5 32.Qe2 Nge6 33.f4 Nd7 34.Qd2 Ndc5 35.Qxd6 Nxa4 36.Qxc7 Nxc7
37.Ba1 Rad8 38.e5 Nd5 39.Be4 Nc5 40.Bg2 Nb4 41.Bd4 Rxd4 42.Rxd4 Nxc2 43.Red1 Nxd4
44.Rxd4 Ne6 45.Ra4 c5 46.Rxa5 Rc8 47.Ra3 g6 48.Bd5 Rc7 49.Kg2 Nd4 50.g4 Rd7
51.Bc4 Kg7 52.Ra5 Rc7 53.Kf2 f6 54.e6 f5 55.g5 hxg5 56.fxg5 f4 57.Ra8 Re7
58.Ra6 Rb7 59.Rd6 Kf8 60.Bd5 Rc7 61.Ra6 c4 62.h4 c3 63.Ra1 c2 64.Rc1 Rh7
65.Be4 Rxh4 66.Kg2 Rg4+ 67.Kh2  0-1

[Event "Chigorin CC"]
[Site "St Petersburg RUS"]
[Date "2005.05.17"]
[Round "2"]
[White "Malakhov,I"]
[Black "Turikov,V"]
[Result "1/2-1/2"]
[WhiteElo "2197"]
[BlackElo "2358"]

1.e4 d6 2.d4 Nf6 3.Nc3 c6 4.f4 Qa5 5.Bd3 e5 6.Nf3 Nbd7 7.Bd2 Qc7 8.Qe2 Be7
9.O-O-O O-O 10.Rhf1 exd4 11.Nxd4 Nc5 12.h3 Nxd3+ 13.cxd3 b5 14.Nf5 Bxf5 15.exf5 d5
16.Rfe1 Bd6 17.g4 Rfe8 18.Qf3 Rxe1 19.Rxe1 Re8 20.Rxe8+ Nxe8 21.Ne2 Bc5 22.Bc3 Qe7
23.Bd4 a6 24.a3 b4 25.axb4 Bxb4 26.Qe3 Qxe3+ 27.Bxe3 c5 28.Bd2 a5 29.Nc3 Nc7
30.Na4 Kf8 31.Bxb4 cxb4 32.Kc2 Ke7 33.Nc5 Na8 34.Kb3 Nb6 35.Nb7 d4 36.Nxa5 Nd5
37.Kc4 Nxf4 38.h4 Ng2 39.Kxd4 Nxh4 40.Ke4 h5 41.g5 g6 42.fxg6 fxg6 43.Nc6+ Ke6
44.Ne5 b3 45.d4 Kd6 46.d5 Kc5 47.Nd3+ Kd6 48.Nf4 Ke7 49.Kd3 Kd6  1/2-1/2

[Event "48th TCh-SCG"]
[Site "Herceg Novi SCG"]
[Date "2005.05.18"]
[Round "4"]
[White "Nikolic,Stani"]
[Black "Vlatkovic,S"]
[Result "0-1"]
[WhiteElo "2278"]
[BlackElo "2308"]

1.d4 d6 2.e4 Nf6 3.Nc3 c6 4.a4 e5 5.Nf3 Nbd7 6.Be2 a5 7.O-O Be7 8.Re1 O-O
9.Bf1 Re8 10.h3 Bf8 11.b3 exd4 12.Nxd4 Nc5 13.f3 d5 14.e5 Nfd7 15.f4 g6 16.g4 Ne6
17.Nf3 Bb4 18.Ne2 f6 19.c3 Bf8 20.f5 Ng7 21.e6 Nc5 22.Nh4 Ne4 23.Be3 Bd6
24.Bg2 Qc7 25.Bf2 Qb8 26.Bxe4 dxe4 27.Qd4 b5 28.Qxe4 Bb7 29.Qd4  0-1

[Event "HB Global CC"]
[Site "Minneapolis USA"]
[Date "2005.05.18"]
[Round "1"]
[White "Balandin,A"]
[Black "Pohl,K"]
[Result "1-0"]
[WhiteElo "2365"]
[BlackElo "2254"]

1.e4 d6 2.d4 Nf6 3.Nc3 Nbd7 4.f3 e5 5.Nge2 c6 6.Be3 Be7 7.Qd2 O-O 8.g4 d5
9.g5 Nh5 10.exd5 Nb6 11.Ng3 Nxd5 12.Nxd5 Qxd5 13.c4 Qe6 14.Nxh5 exd4 15.Qxd4 Bb4+
16.Kf2 Qg6 17.Nf4 Qc2+ 18.Be2 Bf5 19.c5 Ba5 20.Rac1 Rad8 21.Rxc2 Rxd4 22.Bxd4 Bxc2
23.Rc1 Bf5 24.Bc3 Bc7 25.Nh5 Bg6 26.Ng3 Bf4 27.Rd1 Bxg5 28.Rd7 Re8 29.Rxb7 Be3+
30.Kf1 Bxc5 31.Bc4 h5 32.Ne4 Bb6 33.Ng5 Rf8 34.Bb4 c5 35.Bc3 h4 36.Ne6 Re8
37.Nf4  1-0

[Event "Capablanca Mem Elite"]
[Site "Havana CUB"]
[Date "2005.05.19"]
[Round "14"]
[White "Dominguez,L"]
[Black "Arencibia,W"]
[Result "1-0"]
[WhiteElo "2658"]
[BlackElo "2530"]

1.e4 d6 2.d4 Nf6 3.Nc3 c6 4.f4 Qa5 5.Bd3 e5 6.Nf3 exd4 7.Nxd4 g6 8.O-O Bg7
9.Kh1 O-O 10.f5 Nbd7 11.Qe1 Nc5 12.Qh4 Qb4 13.Nf3 Nxd3 14.cxd3 Nd7 15.Bh6 f6
16.Bxg7 Kxg7 17.d4 Nb6 18.Rae1 Bd7 19.fxg6 hxg6 20.Qg3 Rae8 21.Ne2 Rh8 22.Nf4 Rh6
23.e5 fxe5 24.dxe5 dxe5 25.Nxe5 Qd6 26.Qc3 Na4 27.Nc4+ Nxc3 28.Nxd6 Rxe1
29.Rxe1 Kf8 30.Nxb7 Nxa2 31.Nc5 Bf5 32.Ra1 Nb4 33.Ra4 Nd5 34.Nxd5 cxd5 35.Rxa7 Rh4
36.Ra4 Rxa4 37.Nxa4 Bc2 38.Nb6 Bb3 39.Nd7+ Ke7 40.Ne5 Bc2 41.Kg1 Kd6 42.Nf3 Kc5
43.Kf2 d4 44.Nd2 Ba4 45.g4 Bc6 46.Kg3 Bb5 47.Kf4 Be2 48.h3 Kd5 49.h4 Ke6
50.Kg5 Kf7 51.Nb3 d3 52.Nd2 Bd1 53.Kf4 Ke6 54.Nf3 Kd5 55.Ke3 Kc4 56.Ne5+ Kd5
57.Nxg6 Bxg4 58.Nf4+ Kc4 59.Nxd3 Kb3 60.Kf4 Bd1 61.Kg5 Bc2 62.Ne5 Bd1 63.Ng4 Kxb2
64.h5 Kc3 65.h6 Bc2 66.Ne5 Bh7 67.Kf6 Kd4 68.Kg7  1-0

[Event "48th TCh-SCG"]
[Site "Herceg Novi SCG"]
[Date "2005.05.19"]
[Round "5"]
[White "Djuric,P"]
[Black "Tadic,B"]
[Result "0-1"]
[WhiteElo "2228"]
[BlackElo "2495"]

1.e4 d6 2.d4 Nf6 3.Nc3 e5 4.dxe5 dxe5 5.Qxd8+ Kxd8 6.Bc4 Ke8 7.Nf3 Bd6 8.h3 c6
9.a4 a5 10.O-O Nbd7 11.Be3 Bb4 12.Bd3 Ke7 13.Nd1 Rd8 14.c3 Bd6 15.Bc2 Ne8
16.b3 b6 17.Nb2 Ba6 18.Bd3 Bxd3 19.Nxd3 f5 20.Bg5+ Nef6 21.Nd2 h6 22.Bxf6+ Nxf6
23.Nc4 Nxe4 24.Ndxe5 Bxe5 25.Nxe5 Kf6 26.Nxc6 Rd6 27.Nd4 Nxc3 28.Rfc1 Rc8
29.Rxc3 Rxc3 30.Nb5 Rdc6 31.Nxc3 Rxc3 32.Rb1 f4 33.b4 Ra3 34.bxa5 bxa5 35.Rb6+ Kf7
36.Rb7+ Kg6 37.Rb6+ Kh7 38.Ra6 Rxa4 39.g3 fxg3 40.fxg3 Ra2 41.g4 a4 42.Kh1 a3
43.Kg1 Kg8 44.Ra7 Kf8 45.Kh1 Ke8 46.Kg1 Kd8 47.h4 g6 48.Kf1 Kc8 49.Ke1 Kb8
50.Ra4 Kb7 51.Kd1 Kb6 52.Kc1 Kb5 53.Ra8 Rh2 54.Rxa3 Rxh4 55.Rg3 Kc4 56.Ra3 g5
57.Kd2 Rh2+ 58.Ke1 Kd4 59.Rf3 Ke5 60.Rf5+ Ke4 61.Rf6 Ke3 62.Kf1 Rh4 63.Re6+ Kf3
64.Rf6+ Kxg4 65.Kg2 Kh5  0-1

[Event "Chigorin CC"]
[Site "St Petersburg RUS"]
[Date "2005.05.19"]
[Round "4"]
[White "Reshetov,V"]
[Black "Turikov,V"]
[Result "0-1"]
[WhiteElo "2173"]
[BlackElo "2358"]

1.e4 d6 2.d4 Nf6 3.Nc3 c6 4.Nf3 Bg4 5.Be2 e6 6.O-O Be7 7.h3 Bh5 8.Be3 O-O
9.Nd2 Bxe2 10.Qxe2 d5 11.e5 Nfd7 12.f4 c5 13.Nf3 Nc6 14.Nd1 cxd4 15.Nxd4 Nxd4
16.Bxd4 Bc5 17.Bxc5 Nxc5 18.Nf2 Qb6 19.c3 Rac8 20.Kh2 Na4 21.Qc2 Qb5 22.Nd3 d4
23.Qb3 Qxd3 24.Qxa4 dxc3 25.bxc3 a6 26.Rf3 Qe2 27.Rb1 Rc7 28.Rd1 g6 29.Rfd3 Kg7
30.Rd8 Qc4 31.Qxc4 Rxc4 32.R8d7 Rb8 33.g3 Rxc3 34.Re7 Rc2+ 35.Kg1 Rb2 36.Rdd7 Rf8
37.a4 b5 38.axb5 axb5 39.Rxe6 Rc8 40.Red6 Rc1+ 41.Rd1 Rxd1+ 42.Rxd1 Kf8 43.Rd7 h5
44.Rb7 h4 45.gxh4 Rb4 46.Kg2 Rxf4 47.Rxb5 Rxh4 48.Kg3 Rh5 49.Kg4 Ke7 50.Rb7+ Kf8
51.Rb8+ Ke7 52.Rb7+ Ke6 53.Rb6+ Kxe5 54.Rb5+ Ke4 55.Rb4+ Ke3 56.Rf4 f5+ 57.Kg3 Rxh3+  0-1

[Event "Chigorin CC"]
[Site "St Petersburg RUS"]
[Date "2005.05.20"]
[Round "5"]
[White "Rodkin,F"]
[Black "Nezbailo,D"]
[Result "1/2-1/2"]
[WhiteElo "2198"]
[BlackElo "2060"]

1.d4 Nf6 2.Nc3 d6 3.e4 Nbd7 4.Nf3 e5 5.Bc4 Be7 6.O-O O-O 7.Qe2 c6 8.a4 Qc7
9.h3 a6 10.a5 c5 11.d5 Re8 12.Bd3 Bf8 13.Nd2 g6 14.Nc4 Bg7 15.Na4 Rb8 16.Be3 Nf8
17.b4 cxb4 18.Rfb1 Nxd5 19.Ba7 Ra8 20.Ncb6 Nf4 21.Qe3 Rxa7 22.Nxc8 Ra8 23.Ncb6 Rad8
24.Rxb4 d5 25.Qc5 Qxc5 26.Nxc5 Re7 27.Rab1 dxe4 28.Bxe4 Ne2+ 29.Kh2 Nc3 30.R1b3 Nxe4
31.Rxe4 Rd2 32.Kg1 Rd1+ 33.Kh2 Rd2  1/2-1/2

[Event "HB Global CC"]
[Site "Minneapolis USA"]
[Date "2005.05.21"]
[Round "6"]
[White "Ibragimov,I"]
[Black "Young,A"]
[Result "1-0"]
[WhiteElo "2611"]
[BlackElo "2413"]

1.e4 d6 2.d4 Nf6 3.Nc3 c6 4.f4 Qa5 5.e5 Ne4 6.Bd3 d5 7.Bd2 Qb6 8.Bxe4 dxe4
9.Nge2 f5 10.Na4 Qc7 11.c4 e6 12.Rc1 Qd8 13.O-O Be7 14.Qb3 O-O 15.Bb4 Na6
16.Bxe7 Qxe7 17.Nac3 Qb4 18.Rcd1 Qxb3 19.axb3 Nb4 20.Rd2 b6 21.Nc1 Rd8 22.Rfd1 Bb7
23.Kf2 Rd7 24.N3a2 Na6 25.Ne2 Rad8 26.Ke3 h6 27.b4 Kf7 28.Nec3 g5 29.g3 Nc7
30.b3 Rg8 31.Ra1 gxf4+ 32.Kxf4 h5 33.Ke3 h4 34.gxh4 Ke8 35.Ne2 Rh7 36.Nf4 Rxh4
37.Rf1 Rgg4 38.Nc1 Na6 39.Na2 Nc7 40.Rdf2 Kf7 41.Nc3 Na6 42.Nxe4 fxe4 43.Ng2+ Kg6
44.Nxh4+ Rxh4 45.Rg2+  1-0

[Event "HB Global CC"]
[Site "Minneapolis USA"]
[Date "2005.05.22"]
[Round "8"]
[White "Goldin,A"]
[Black "Young,A"]
[Result "1-0"]
[WhiteElo "2615"]
[BlackElo "2413"]

1.d4 d6 2.e4 Nf6 3.Nc3 c6 4.f4 Qa5 5.e5 Ne4 6.Bd2 Nxc3 7.Bxc3 Qd5 8.Nf3 Qe4+
9.Be2 Bf5 10.O-O Qxc2 11.Qe1 e6 12.d5 dxe5 13.dxe6 fxe6 14.Nxe5 Bc5+ 15.Kh1 O-O
16.Bc4 Qa4 17.Bb3 Qb5 18.Bc4 Qa4 19.b3 Qa3 20.g4 b5 21.gxf5 bxc4 22.Nxc4 Qa6
23.Qxe6+ Rf7 24.Ne5 Qb7 25.Rad1 Bb6 26.Qxf7+ Qxf7 27.Nxf7 Kxf7 28.Rf3  1-0

[Event "HB Global CC"]
[Site "Minneapolis USA"]
[Date "2005.05.22"]
[Round "9"]
[White "Stein,Alex"]
[Black "Zarnicki,P"]
[Result "1/2-1/2"]
[WhiteElo "2362"]
[BlackElo "2523"]

1.e4 d6 2.d4 Nf6 3.Nc3 c6 4.Nf3 Bg4 5.h3 Bh5 6.Qe2 e6 7.g4 Bg6 8.Bg2 d5 9.exd5 cxd5
10.Ne5 Nc6 11.Nxg6 hxg6 12.g5 Nh5 13.Nxd5 Nxd4 14.Qc4 Nxc2+ 15.Qxc2 exd5
16.Qa4+ Qd7 17.Qxd7+ Kxd7 18.Bxd5 Bb4+ 19.Kf1 Kc7 20.Rg1 Rad8 21.Bxf7 Bd2
22.Rg4 Rhf8 23.Bxg6 Nf4 24.Be4 Nxh3 25.f3 Kb8 26.Rg2 Bf4 27.Bxf4+ Nxf4 28.Rh2 Ne6
29.g6 Ng5 30.Re1 Rde8 31.Kf2 Re5  1/2-1/2

[Event "VII Open"]
[Site "Salou ESP"]
[Date "2005.05.22"]
[Round "3"]
[White "Alonso Igual,I"]
[Black "Puig Raull,M"]
[Result "0-1"]
[WhiteElo "1913"]
[BlackElo "2095"]

1.e4 d6 2.d4 Nf6 3.Nc3 c6 4.a4 Qa5 5.Bd2 Qb6 6.Nge2 e5 7.a5 Qc7 8.g3 Bg4
9.dxe5 dxe5 10.Bg2 Nbd7 11.f3 Be6 12.Be3 Bb4 13.a6 b6 14.b3 Rd8 15.Qc1 O-O
16.O-O Qc8 17.Na2 Bd6 18.Nac3 Nc5 19.f4 Ng4 20.Bd2 Bxb3 21.h3 Nf6 22.f5 Bc4
23.Qe1 Nxa6 24.g4 Nb4 25.Rc1 Bc5+ 26.Kh2 a5 27.Na4 Na6 28.Bg5 Rd6 29.Bxf6 Rxf6
30.g5 Rd6 31.Nxc5 Nxc5 32.f6 Qa6 33.Rf2 Bxe2 34.fxg7 Rfd8 35.Rxe2 Ne6 36.h4 Nf4
37.Rf2 Qc8 38.Qe3 b5 39.Rcf1 Qg4 40.Rxf4 exf4 41.Rxf4 Qd1 42.Qa7 R6d7 43.Qc5 Qd6
44.Qe3 Qd2 45.Qf3 Qxc2 46.h5 b4 47.g6 Qd1 48.gxh7+ Kxh7 49.Qh3 Qd6 50.Qf5+ Kg8
51.e5 Qe6 52.Qg5 Re8 53.Re4 b3 54.h6 Qg6 55.e6 Qxg5 56.exf7+ Kxf7  0-1

[Event "VII Open"]
[Site "Salou ESP"]
[Date "2005.05.22"]
[Round "3"]
[White "Lacasa Diaz,J"]
[Black "Suuronen,P"]
[Result "1-0"]
[WhiteElo "2427"]
[BlackElo "1991"]

1.e4 d6 2.d4 Nf6 3.Nc3 e5 4.Nf3 Nbd7 5.Bc4 Be7 6.O-O O-O 7.Re1 c6 8.a4 Qc7
9.b3 b6 10.d5 Bb7 11.dxc6 Bxc6 12.Bg5 a6 13.Qe2 Qb7 14.Nd2 Nc5 15.Bxf6 Bxf6
16.Bd5 Ne6 17.Nc4 Be7 18.Bxc6 Qxc6 19.Nd5 Bd8 20.Ncxb6 Ra7 21.Nc4 f5 22.exf5 Qxd5
23.fxe6 Qxe6 24.Rad1 Rd7 25.Qd2 Rdf7 26.Qxd6 Qxd6 27.Rxd6 Rxf2 28.Rxd8  1-0

[Event "TCh-ROM A"]
[Site "Tusnad ROM"]
[Date "2005.05.22"]
[Round "2"]
[White "Moldovan,D"]
[Black "Badea,B"]
[Result "1/2-1/2"]
[WhiteElo "2409"]
[BlackElo "2500"]

1.e4 d6 2.d4 Nf6 3.Nc3 e5 4.dxe5 dxe5 5.Qxd8+ Kxd8 6.Bc4 Ke8 7.f3 c6 8.Be3 Nbd7
9.Nge2 Bc5 10.Nd1 Ke7 11.a3 Ne8 12.b4  1/2-1/2

[Event "TCh-ARG Magistral AFA"]
[Site "Buenos Aires ARG"]
[Date "2005.05.24"]
[Round "1"]
[White "Della Morte,P"]
[Black "Perelman,H"]
[Result "1/2-1/2"]
[WhiteElo "2285"]
[BlackElo "2148"]

1.e4 d6 2.d4 Nf6 3.Nc3 Nbd7 4.Nf3 e5 5.Bc4 Be7 6.O-O O-O 7.Re1 c6 8.a4 b6
9.b3 a6 10.Bb2 Bb7 11.Bd3 Re8 12.Ne2 Bf8 13.Ng3 g6 14.c4 exd4 15.Bxd4 a5
16.Qc2 Ne5 17.Bf1 Nfd7 18.Rad1 Qc7 19.Bb2 Nc5 20.Nd4 Bh6 21.Qc3 Rad8 22.Bc1 Bxc1
23.Qxc1 f6 24.Qc3 Re7 25.f3 Rde8 26.Nh1 Nf7 27.Nf2 Bc8 28.g3 Bd7 29.Bg2 Rb8
30.f4 Rbe8 31.Nc2 f5 32.exf5 Rxe1+ 33.Rxe1 Rxe1+ 34.Qxe1 gxf5 35.Nd4 Kg7
36.Bh3 Qc8 37.Qb1 Nh6 38.Qb2 Kg6 39.Nf3 Qe8 40.Qd4 Qe7 41.Nd3 Qf6 42.Qxf6+ Kxf6
43.Nxc5 bxc5 44.Kf2 Be8 45.Ke3 Bh5 46.Bg2 Nf7 47.Nd2 Nd8 48.Kd3 Bd1 49.Kc3 Bg4
50.Nf1 Bh5 51.Ne3 Be8 52.Bf3 Bf7  1/2-1/2

[Event "VII Open"]
[Site "Salou ESP"]
[Date "2005.05.24"]
[Round "5"]
[White "Mellado Trivino,J"]
[Black "Puig Raull,M"]
[Result "1-0"]
[WhiteElo "2412"]
[BlackElo "2095"]

1.e4 d6 2.d4 Nf6 3.Nc3 c6 4.f4 Qa5 5.e5 Ne4 6.Qf3 d5 7.Bd3 Bf5 8.g4 Nxc3
9.gxf5 Nb5+ 10.Bd2 Qb6 11.c3 Nd7 12.Ne2 h5 13.O-O Nc7 14.b4 a5 15.a4 Rh6
16.Kh1 Qa7 17.Rfb1 b6 18.Be1 e6 19.fxe6 Nxe6 20.f5 Ng5 21.Qe3 Be7 22.bxa5 bxa5
23.h4 Ne4 24.Bxe4 Nxe5 25.Bd3 Ng4 26.Qf3 Kf8 27.Bg3 Re8 28.Re1 Bxh4 29.Nf4 Be7
30.Kg2 Nf6 31.Rh1 Bd8 32.Nxh5 Ne4 33.Bf4 Bg5 34.Bxg5 Nxg5 35.Qf4 Qe7 36.Ng3 Qe3
37.Qxe3 Rxe3 38.Rxh6 gxh6 39.Rd1 f6 40.Nf1 Re7 41.Nh2 h5 42.Kf2 Kg7 43.Re1 Rb7
44.Rb1 Re7 45.Nf1 Kh6 46.Rb6 Ne4+ 47.Bxe4 Rxe4 48.Rxc6 Kg5 49.Ne3 h4 50.Nxd5 Kxf5
51.Rxf6+ Kg5 52.Rf3 Re8 53.Ne3 Kg6 54.Nc4 Rb8 55.Nxa5 Rb2+ 56.Kg1 Kg5 57.Nc4 Ra2
58.Ne5 Rxa4 59.Kg2 Ra2+ 60.Kh3 Ra1 61.Nf7+ Kh5 62.Rf5+ Kg6 63.Nd6 Rh1+ 64.Kg2 Rc1
65.Rc5 Kf6 66.Ne4+ Ke6 67.Kh3 Rh1+ 68.Kg4 Kd7 69.Ng5 Ke7 70.Nh3  1-0

[Event "TCh-ROM A"]
[Site "Tusnad ROM"]
[Date "2005.05.24"]
[Round "4"]
[White "Nevednichy,V"]
[Black "Kostic,Neb"]
[Result "1-0"]
[WhiteElo "2566"]
[BlackElo "2352"]

1.e4 d6 2.d4 Nf6 3.Nc3 e5 4.Nf3 Nbd7 5.Bc4 Be7 6.O-O O-O 7.Re1 c6 8.a4 b6
9.Bg5 a6 10.Ba2 Qc7 11.Qe2 Bb7 12.dxe5 dxe5 13.Nh4 a5 14.Nf5 Nc5 15.Qf3 Ne6
16.Nh6+ gxh6 17.Bxf6 Ng5 18.Qf5 Bc8 19.Qxe5 Bd6 20.Qd4 Bxh2+ 21.Kh1 Qd6 22.Rad1 Qxd4
23.Rxd4 Bc7 24.Rc4 Bd7 25.Rd1 Bd8 26.Bxg5  1-0